Statistics for Countries in Hexagons of an Empty World Map

Click here to take the quiz!

General Stats

  • This quiz has been taken 1,944 times
  • The average score is 140 of 144

Answers on the Map

Answers color-coded by a green-red scale on the quiz's map according to % correct below.
Loading ...
 

Answer Stats

Countries% Correct
Austria | Belarus | Bosnia and Herzegovina | Croatia | Czechia | Germany | Hungary | Italy | Latvia | Lithuania | Moldova | Poland | Romania | Russia | Serbia | Slovakia | Slovenia | Sweden | Ukraine
100%
Estonia | Finland | Latvia | Norway | Russia | Sweden
100%
Finland | Norway | Russia
100%
Afghanistan | Armenia | Azerbaijan | Georgia | Iran | Iraq | Kazakhstan | Russia | Turkey | Turkmenistan | Uzbekistan
99%
Afghanistan | China | India | Iran | Nepal | Pakistan | Tajikistan | Turkmenistan | Uzbekistan
99%
Afghanistan | China | Kazakhstan | Kyrgyzstan | Tajikistan | Turkmenistan | Uzbekistan
99%
Algeria | Chad | Egypt | Libya | Niger | Sudan
99%
Algeria | Libya | Morocco | Spain | Tunisia
99%
Algeria | Mali | Mauritania | Morocco | Spain
99%
Andorra | Austria | Belgium | France | Germany | Italy | Liechtenstein | Luxembourg | Monaco | San Marino | Spain | Switzerland | United Kingdom | Vatican City
99%
Antigua and Barbuda | Bahamas | Barbados | Colombia | Cuba | Dominica | Dominican Republic | France | Grenada | Haiti | Jamaica | Netherlands | Saint Kitts and Nevis | Saint Lucia | Saint Vincent and the Grenadines | Trinidad and Tobago | United States | Venezuela
99%
Argentina | Bolivia | Brazil | Chile | Paraguay | Peru
99%
Argentina | Brazil | Paraguay | Uruguay
99%
Argentina | Chile | United Kingdom
99%
Armenia | Azerbaijan | Bulgaria | Georgia | Iran | Moldova | Romania | Russia | Turkey | Ukraine
99%
Australia
99%
Australia | East Timor | Indonesia
99%
Australia | Indonesia | Papua New Guinea
99%
Australia | New Zealand
99%
Bahamas | Belize | Cuba | Guatemala | Jamaica | Mexico | United States
99%
Bangladesh | Bhutan | China | India | Myanmar | Nepal
99%
Belarus | Estonia | Finland | Latvia | Russia | Ukraine
99%
Belgium | Denmark | Germany | Netherlands | Norway | Sweden | United Kingdom
99%
Belize | Colombia | Costa Rica | El Salvador | Guatemala | Honduras | Mexico | Nicaragua | Panama | Venezuela
99%
Bolivia | Brazil
99%
Bolivia | Brazil | Colombia | Peru
99%
Brazil
99%
Brazil | Colombia | Guyana | Peru | Suriname | Trinidad and Tobago | Venezuela
99%
Brazil | France | Suriname
99%
Cambodia | China | Laos | Myanmar | Thailand | Vietnam
99%
Canada
99%
Canada | Denmark
99%
Canada | United States
99%
China | Japan | North Korea | Russia | South Korea
99%
China | Japan | Russia
99%
China | Kazakhstan | Mongolia | Russia
99%
China | Mongolia
99%
China | Mongolia | Russia
99%
China | Myanmar
99%
China | Philippines | Taiwan
99%
Guatemala | Mexico
99%
Ireland | United Kingdom
99%
Kazakhstan | Russia
99%
Kazakhstan | Russia | Uzbekistan
99%
Mexico | United States
99%
Mongolia | Russia
99%
Russia
99%
United States
99%
Afghanistan | Bahrain | Iran | Kuwait | Oman | Pakistan | Qatar | Saudi Arabia | United Arab Emirates | Yemen
98%
Albania | Bosnia and Herzegovina | Bulgaria | Croatia | Egypt | Greece | Italy | Kosovo | Libya | Malta | Montenegro | North Macedonia | Romania | Serbia | Tunisia | Turkey
98%
Algeria | Benin | Burkina Faso | Ghana | Mali | Mauritania | Niger | Nigeria | Togo
98%
Argentina | Chile | Uruguay
98%
Botswana | Eswatini | Madagascar | Malawi | Mozambique | South Africa | Zimbabwe
98%
Botswana | Lesotho | Namibia | South Africa
98%
Brunei | Cambodia | Indonesia | Malaysia | Singapore | Thailand | Vietnam
98%
Cameroon | Central African Republic | Chad | Democratic Republic of the Congo | Niger | Nigeria | South Sudan | Sudan
98%
Colombia | Ecuador | Peru
98%
Comoros | Democratic Republic of the Congo | France | Kenya | Malawi | Mozambique | Tanzania | Zambia
98%
Cyprus | Egypt | Iran | Iraq | Israel | Jordan | Kuwait | Lebanon | Saudi Arabia | Syria | Turkey
98%
Democratic Republic of the Congo | Ethiopia | Kenya | Somalia | South Sudan | Sudan | Tanzania | Uganda
98%
Denmark | Iceland
98%
Djibouti | Egypt | Eritrea | Ethiopia | Saudi Arabia | Somalia | South Sudan | Sudan | Yemen
98%
France | Madagascar | Mauritius
98%
India | Indonesia | Myanmar | Sri Lanka | Thailand
98%
India | Maldives | Sri Lanka
98%
India | Pakistan
98%
Morocco | Portugal | Spain
98%
Angola | Botswana | Democratic Republic of the Congo | Mozambique | Namibia | Zambia | Zimbabwe
97%
Angola | Burundi | Cameroon | Central African Republic | Democratic Republic of the Congo | Gabon | Republic of the Congo | Rwanda | Tanzania | Uganda
97%
Benin | Burkina Faso | Cameroon | Equatorial Guinea | Gabon | Ghana | Ivory Coast | Liberia | Nigeria | São Tomé and Príncipe | Togo
97%
Chile
97%
Denmark
97%
Federated States of Micronesia | Indonesia | Palau
97%
Japan
97%
Burkina Faso | Cape Verde | Gambia | Guinea | Guinea-Bissau | Ivory Coast | Liberia | Mali | Mauritania | Senegal | Sierra Leone
96%
East Timor | Indonesia
96%
Ethiopia | Oman | Somalia | Yemen
96%
Fiji | France | Tonga | Vanuatu
96%
Indonesia
96%
New Zealand
96%
Fiji | Kiribati | Solomon Islands | Tuvalu | Vanuatu
95%
Peru
95%
Malaysia | Palau | Philippines
94%
Federated States of Micronesia | Nauru | Papua New Guinea | Solomon Islands
93%
France | Solomon Islands | Vanuatu
93%
Kiribati | Marshall Islands
93%
Federated States of Micronesia | Marshall Islands
92%
Kiribati
89%
Marshall Islands
87%
Seychelles
86%
Samoa | Tonga
85%
Angola
84%
Cape Verde
84%
Portugal
83%

Score Distribution

Percentile by Number Answered

Percent of People with Each Score

Your Score History

You have not taken this quiz